[Event "Mazowiec-chT op"]
[Site "Poland"]
[Date "2014.10.26"]
[Round "4.5"]
[White "Wegrzyn, Adam"]
[Black "Szustakowski, Antoni"]
[Result "1/2-1/2"]
[WhiteElo "2172"]
[BlackElo "1780"]
[PlyCount "98"]
[EventDate "2014.10.05"]
[EventType "team-tourn"]
[EventRounds "10"]
[EventCountry "POL"]
[SourceTitle "EXT 2019"]
[Source "ChessBase"]
[SourceDate "2018.10.10"]
[SourceVersion "1"]
[SourceVersionDate "2018.10.10"]
[SourceQuality "1"]

1. d4 d5 2. c4 dxc4 3. Nf3 Nf6 4. e3 Bg4 5. Bxc4 e6 6. 0-0 a6 7. Qe2 Bd6 8. Nc3 0-0 9. h3 Bh5 10. e4 Be7 11. Rd1 c6 12. d5 exd5 13. exd5 Qc7 14. g4 Bg6 15. Ne5 Bd6 16. Nxg6 hxg6 17. Bg5 Nbd7 18. Rac1 Bf4 19. Bxf4 Qxf4 20. dxc6 bxc6 21. Bb3 Ne5 22. Qe3 Qxe3 23. fxe3 Rfd8 24. Rxd8+ Rxd8 25. Rd1 Rxd1+ 26. Nxd1 Ne4 27. Bc2 Nf3+ 28. Kf1 Neg5 29. Nf2 Ne5 30. Ke2 Kf8 31. Be4 Ke7 32. Bg2 Kd6 33. Nd3 Nxd3 34. Kxd3 Kc5 35. Kc3 a5 36. b3 Ne6 37. a3 Nc7 38. b4+ axb4+ 39. axb4+ Kb5 40. Bf1+ Kb6 41. Bc4 Ne6 42. h4 c5 43. Bxe6 fxe6 44. Kc4 cxb4 45. Kxb4 Kc6 46. Kc4 g5 47. h5 Kd6 48. Kd4 Ke7 49. Ke5 Kf7 1/2-1/2

[Event "Mazowiec-chT op"]
[Site "Poland"]
[Date "2014.10.05"]
[Round "2.2"]
[White "Wegrzyn, Adam"]
[Black "Mietek, Lukasz"]
[Result "1-0"]
[WhiteElo "2172"]
[BlackElo "1935"]
[PlyCount "93"]
[EventDate "2014.10.05"]
[EventType "team-tourn"]
[EventRounds "10"]
[EventCountry "POL"]
[SourceTitle "EXT 2019"]
[Source "ChessBase"]
[SourceDate "2018.10.10"]
[SourceVersion "1"]
[SourceVersionDate "2018.10.10"]
[SourceQuality "1"]

1. d4 Nf6 2. c4 e6 3. Nc3 d5 4. Nf3 Be7 5. Bg5 Nbd7 6. e3 b6 7. cxd5 Nxd5 8. Bxe7 Nxe7 9. Bd3 Bb7 10. 0-0 c5 11. Be4 Bxe4 12. Nxe4 0-0 13. dxc5 Nxc5 14. Nxc5 bxc5 15. Qc2 Qa5 16. b3 Rac8 17. Ne5 Nd5 18. Nc4 Qc7 19. Rfd1 Rfd8 20. a3 Nb6 21. g3 Nxc4 22. Qxc4 g6 23. h4 h5 24. Kh2 a5 25. Rac1 Rxd1 26. Rxd1 Qc6 27. Rc1 Qd5 28. b4 axb4 29. axb4 Qf3 30. Kg1 Rd8 31. bxc5 Rd2 32. Rf1 Qc6 33. Qc3 Rd5 34. Rc1 e5 35. Qb4 e4 36. Kh2 f5 37. Qc3 Kf7 38. Qb4 Kg8 39. Qb8+ Kg7 40. Ra1 Rd7 41. Ra8 Kf6 42. Qh8+ Ke6 43. Qg8+ Kf6 44. Rf8+ Ke5 45. Re8+ Kf6 46. Qh8+ Kf7 47. Qf8# 1-0

[Event "Mazowiec-chT op Autumn"]
[Site "Poland"]
[Date "2012.10.21"]
[Round "4.2"]
[White "Kaminski, Lukasz"]
[Black "Wegrzyn, Adam"]
[Result "0-1"]
[WhiteElo "1398"]
[BlackElo "2228"]
[PlyCount "110"]
[EventDate "2012.10.14"]
[EventType "team-swiss"]
[EventRounds "8"]
[EventCountry "POL"]
[SourceTitle "EXT 2019"]
[Source "ChessBase"]
[SourceDate "2018.10.10"]
[SourceVersion "1"]
[SourceVersionDate "2018.10.10"]
[SourceQuality "1"]

1. e4 c5 2. f4 e6 3. Nf3 Nc6 4. c3 d5 5. exd5 Qxd5 6. d4 Nf6 7. Na3 a6 8. h3 cxd4 9. Nxd4 Nxd4 10. Qxd4 Qxd4 11. cxd4 Bd7 12. Be2 Bb4+ 13. Bd2 Bxd2+ 14. Kxd2 Bc6 15. Rhg1 Rd8 16. Nc2 Ke7 17. Rae1 Rd7 18. Bc4 g6 19. g4 h5 20. f5 Ne4+ 21. Ke3 gxf5 22. gxf5 exf5 23. Nb4 Rc8 24. d5 Bb5 25. Bxb5 axb5 26. Rc1 Rxc1 27. Rxc1 Nd6 28. b3 Kf6 29. Kf4 Re7 30. Nd3 Re4+ 31. Kf3 Rd4 32. Nf4 h4 33. Ke3 Re4+ 34. Kf3 Ke5 35. Ne2 f4 36. Rc3 b4 37. Rd3 Nf5 38. d6 Nxd6 39. Rxd6 Re3+ 40. Kg4 Kxd6 41. Nxf4 Re4 42. Kf5 Re1 43. Ng2 Rh1 44. Nf4 Rh2 45. Kg4 Rxa2 46. Nd3 Rd2 47. Nc1 Kc5 48. Kxh4 Kd4 49. Kg3 Rc2 50. h4 Rxc1 51. h5 Ke4 52. Kg4 Rg1+ 53. Kh4 Kf4 54. Kh3 Rh1+ 55. Kg2 Rxh5 0-1

[Event "Mazowiec-chT op Autumn"]
[Site "Poland"]
[Date "2012.10.14"]
[Round "2.5"]
[White "Wegrzyn, Adam"]
[Black "Winiarski, Mikolaj"]
[Result "1/2-1/2"]
[WhiteElo "2228"]
[BlackElo "2089"]
[PlyCount "71"]
[EventDate "2012.10.14"]
[EventType "team-swiss"]
[EventRounds "8"]
[EventCountry "POL"]
[SourceTitle "EXT 2019"]
[Source "ChessBase"]
[SourceDate "2018.10.10"]
[SourceVersion "1"]
[SourceVersionDate "2018.10.10"]
[SourceQuality "1"]

1. d4 Nf6 2. c4 e6 3. Nc3 Bb4 4. Qc2 b6 5. Bg5 Bb7 6. f3 d5 7. e3 0-0 8. Bd3 h6 9. Bh4 Nbd7 10. Nge2 e5 11. cxd5 exd4 12. exd4 Bxd5 13. 0-0 Bb7 14. Rad1 Be7 15. Bg3 c6 16. Qa4 b5 17. Qc2 Nb6 18. Bf2 Nfd5 19. a3 Bg5 20. Be4 a6 21. Kh1 Nc4 22. Bxd5 cxd5 23. f4 Bh4 24. Ng1 Re8 25. Rde1 Bxf2 26. Qxf2 Qf6 27. g3 Re4 28. Nf3 Ree8 29. Re2 Qf5 30. Rfe1 Kf8 31. Ne5 Nxe5 32. fxe5 Qxf2 33. Rxf2 Kg8 34. Ref1 Re7 35. Nd1 Rc8 36. Kg2 1/2-1/2

[Event "Mazowiec-chT op 1112"]
[Site "Poland"]
[Date "2012.02.26"]
[Round "9.31"]
[White "Zielinski, Michal"]
[Black "Wegrzyn, Adam"]
[Result "0-1"]
[WhiteElo "1792"]
[BlackElo "2240"]
[PlyCount "44"]
[EventDate "2012.01.08"]
[EventType "team-swiss"]
[EventRounds "10"]
[EventCountry "POL"]
[SourceTitle "EXT 2019"]
[Source "ChessBase"]
[SourceDate "2018.10.10"]
[SourceVersion "1"]
[SourceVersionDate "2018.10.10"]
[SourceQuality "1"]

1. e4 c5 2. Nf3 Nc6 3. d4 cxd4 4. Nxd4 Nf6 5. Nc3 d6 6. Be2 e6 7. Be3 Be7 8. Qd2 a6 9. f4 0-0 10. g4 Nxd4 11. Bxd4 b5 12. Bf3 Bb7 13. a3 Qc7 14. 0-0 e5 15. Be3 exf4 16. Bxf4 Nd7 17. Bg5 Bxg5 18. Qxg5 Ne5 19. Be2 Rae8 20. Bd3 Re6 21. h3 Qc5+ 22. Kg2 Nxd3 0-1

[Event "Mazowiec-chT op 1112"]
[Site "Poland"]
[Date "2012.02.19"]
[Round "7.30"]
[White "Hryszkiewicz, Michal"]
[Black "Wegrzyn, Adam"]
[Result "1/2-1/2"]
[WhiteElo "1805"]
[BlackElo "2240"]
[PlyCount "37"]
[EventDate "2012.01.08"]
[EventType "team-swiss"]
[EventRounds "10"]
[EventCountry "POL"]
[SourceTitle "EXT 2019"]
[Source "ChessBase"]
[SourceDate "2018.10.10"]
[SourceVersion "1"]
[SourceVersionDate "2018.10.10"]
[SourceQuality "1"]

1. d4 Nf6 2. c4 e6 3. Nc3 Bb4 4. f3 c5 5. d5 Bxc3+ 6. bxc3 d6 7. Bg5 e5 8. e3 Nbd7 9. Bd3 Nf8 10. Ne2 Ng6 11. Qc2 0-0 12. h4 h6 13. h5 Ne7 14. Bxf6 gxf6 15. g4 b5 16. Ng3 bxc4 17. Bxc4 Kh8 18. e4 Rb8 19. Kf2 1/2-1/2

[Event "Mazowiec-chT op 1112"]
[Site "Poland"]
[Date "2012.01.29"]
[Round "3.31"]
[White "Wegrzyn, Adam"]
[Black "Kosny, Marek"]
[Result "1-0"]
[WhiteElo "2240"]
[BlackElo "1949"]
[PlyCount "97"]
[EventDate "2012.01.08"]
[EventType "team-swiss"]
[EventRounds "10"]
[EventCountry "POL"]
[SourceTitle "EXT 2019"]
[Source "ChessBase"]
[SourceDate "2018.10.10"]
[SourceVersion "1"]
[SourceVersionDate "2018.10.10"]
[SourceQuality "1"]

1. d4 Nf6 2. c4 e6 3. Nc3 d5 4. Bg5 Be7 5. e3 Nbd7 6. Nf3 0-0 7. Rc1 Re8 8. Bd3 a6 9. c5 c6 10. 0-0 g6 11. Re1 Nh5 12. Bxe7 Rxe7 13. e4 f6 14. Qd2 Qe8 15. Re2 g5 16. g3 g4 17. Nh4 e5 18. exd5 exd4 19. Rxe7 Qxe7 20. Nf5 Qf8 21. Nxd4 Nxc5 22. Bf5 Ng7 23. Bxc8 Rxc8 24. b4 Nd7 25. dxc6 bxc6 26. Nxc6 Rxc6 27. Qxd7 Rc4 28. a3 h5 29. Ne2 Rxc1+ 30. Nxc1 Qa8 31. Nd3 Qf3 32. Nf4 Qxa3 33. Nd5 Qa1+ 34. Kg2 Qe5 35. Qd8+ Kf7 36. Qc7+ Qxc7 37. Nxc7 Ke7 38. Nxa6 Kd6 39. Nc5 Kc6 40. Kf1 Kb5 41. Nd3 Ne6 42. Ke2 Kc4 43. Ke3 Ng7 44. Ke4 f5+ 45. Ke3 Ne6 46. Nf4 Ng7 47. b5 Kxb5 48. Kd4 Kc6 49. Ke5 1-0

[Event "Mazowieckie-chT 0405"]
[Site "Poland"]
[Date "2005.01.23"]
[Round "8"]
[White "Wegrzyn, Adam"]
[Black "Szymczak, Rafal"]
[Result "1/2-1/2"]
[WhiteElo "2238"]
[BlackElo "2122"]
[PlyCount "92"]
[EventDate "2004.10.03"]
[EventType "team-tourn"]
[EventRounds "10"]
[EventCountry "POL"]
[SourceTitle "EXT 2019"]
[Source "ChessBase"]
[SourceDate "2018.10.10"]
[SourceVersion "1"]
[SourceVersionDate "2018.10.10"]
[SourceQuality "1"]

1. d4 Nf6 2. c4 e6 3. Nc3 b6 4. e4 Bb4 5. Bd3 Bb7 6. f3 d5 7. cxd5 exd5 8. Qa4+ Nc6 9. Bb5 Qd7 10. e5 Ng8 11. Nge2 a6 12. Bxc6 Bxc3+ 13. bxc3 Bxc6 14. Qb4 a5 15. Qb1 Bb5 16. Ng3 Ne7 17. Bg5 Ba6 18. Bxe7 Qxe7 19. Kf2 0-0 20. Re1 Qg5 21. Qc1 Qxc1 22. Raxc1 g6 23. h4 Bc4 24. a3 Rfe8 25. h5 Kf8 26. Rh1 Ke7 27. hxg6 hxg6 28. Rh7 Rh8 29. Rch1 Rxh7 30. Rxh7 b5 31. f4 b4 32. cxb4 axb4 33. axb4 Ra2+ 34. Kf3 Bd3 35. Rh8 Bc2 36. Rh1 Rb2 37. Rc1 c6 38. Kg4 Ba4 39. Ra1 Rxb4 40. Ne2 Bb5 41. Nc3 Rxd4 42. Ra7+ Ke6 43. Nxb5 cxb5 44. Ra6+ Ke7 45. Ra7+ Ke6 46. Ra6+ Ke7 1/2-1/2